000 00847nas a2200289 4500
001 BR0809263
003 BR-BrBNA
005 20231205112701.0
007 ta
008 230509b bl.|||p| |||| 00| 00por d
040 _aBR-BrBNA
_bpor
_cBiblioteca Nacional de Agricultura
041 _a(Pt)
072 _aL70
100 1 _aMinto, B.W.
100 1 _aBrandão, C.V.S.
100 1 _aPereira, G.J.C.
100 1 _aSteagall, P.V.M.
100 1 _aMamprim, M.J.
100 1 _aRanzani, J.J.T.
245 1 _aArtroplastia total coxofemoral em cães
_bEstudo experimental com prótese nacional
650 _aCÃO
650 _aARTICULAÇÃO
650 _aARTROPATIA
773 0 _tCiência Rural (Brazil)
_xISSN 0103-8478
_g(Jan-Feb 2008), v. 38(1) p. 136-142
_wBR0809263
909 _a202311
_bLúcia
_c55
_dLúcia Elande
942 _2AGRIS
_n0
_cANA
999 _c199359
_d199359